HUMAN ANATOMY AND PHISIOLOGY (Record no. 33230)
[ view plain ]
| 000 -LEADER | |
|---|---|
| fixed length control field | 00332nam a2200145Ia 4500 |
| 008 - FIXED-LENGTH DATA ELEMENTS--GENERAL INFORMATION | |
| fixed length control field | 210215s9999 xx 000 0 und d |
| 020 ## - INTERNATIONAL STANDARD BOOK NUMBER | |
| International Standard Book Number | 9387397793 |
| 082 ## - DEWEY DECIMAL CLASSIFICATION NUMBER | |
| Classification number | 615.5 |
| Item number | PRA-H |
| 100 ## - MAIN ENTRY--PERSONAL NAME | |
| Personal name | PRASAD MAHESH |
| 245 #0 - TITLE STATEMENT | |
| Title | HUMAN ANATOMY AND PHISIOLOGY |
| 250 ## - EDITION STATEMENT | |
| Edition statement | 2ND |
| 260 ## - PUBLICATION, DISTRIBUTION, ETC. | |
| Name of publisher, distributor, etc. | NIRALI PRAKASHAN |
| 300 ## - PHYSICAL DESCRIPTION | |
| Extent | 5.3 |
| 942 ## - ADDED ENTRY ELEMENTS (KOHA) | |
| Koha item type | Book |
| Withdrawn status | Lost status | Damaged status | Not for loan | Collection code | Permanent Location | Current Location | Date acquired | Cost, normal purchase price | Total Checkouts | Full call number | Barcode | Date last seen | Date last checked out | Price effective from | Koha item type | Shelving location | Total Renewals |
|---|---|---|---|---|---|---|---|---|---|---|---|---|---|---|---|---|---|
| Central Library, MUIT, Lucknow | Central Library, MUIT, Lucknow | 2021-02-15 | 150.00 | 7 | 615.5 PRA-H | SOPH1076 | 2025-01-08 | 2024-12-31 | 2021-02-15 | Book | |||||||
| Central Library, MUIT, Lucknow | Central Library, MUIT, Lucknow | 2021-02-15 | 150.00 | 2 | 615.5 PRA-H | SOPH1078 | 2024-12-28 | 2024-12-24 | 2021-02-15 | Book | |||||||
| Maharishi School of Pharmaceutical Science (Lucknow) | Maharishi School of Pharmaceutical Science (Lucknow) | 2021-02-15 | 150.00 | 3 | 613.7 PRA-H | SOPH1077 | 2022-04-26 | 2022-04-18 | 2021-02-15 | Book | R13S2 | ||||||
| Maharishi School of Pharmaceutical Science (Lucknow) | Maharishi School of Pharmaceutical Science (Lucknow) | 2021-02-15 | 150.00 | 1 | 615.5 | SOPH1079 | 2025-01-16 | 2025-01-16 | 2021-02-15 | Book | R1S4 | ||||||
| Maharishi School of Pharmaceutical Science (Lucknow) | Maharishi School of Pharmaceutical Science (Lucknow) | 2021-02-15 | 150.00 | 5 | 613.7 PRA-H | SOPH1080 | 2022-06-06 | 2022-05-12 | 2021-02-15 | Book | R13S2 | 1 |